LEADER 01626nam 2200409Ia 450 001 9910698833703321 005 20090526111323.0 035 $a(CKB)5470000002397530 035 $a(OCoLC)351422630 035 $a(EXLCZ)995470000002397530 100 $a20090526d2003 ua 0 101 0 $aeng 135 $auran||||||||| 181 $ctxt$2rdacontent 182 $cc$2rdamedia 183 $acr$2rdacarrier 200 00$aGuidance for industry$b[electronic resource] $erevised recommendations for the assessment of donor suitability and blood product safety in cases of suspected severe acute respiratory syndrome (SARS) or exposure to SARS 210 1$aRockville, MD :$cU.S. Dept. of Health and Human Services, Food and Drug Administration, Center for Biologics Evaluation and Research,$d[2003] 215 $ai, 9 pages $cdigital, PDF file 300 $aTitle from PDF title page (viewed on May 26, 2009). 300 $a"Final guidance". 300 $a"September 2003". 320 $aIncludes bibliographical references (page 9). 517 $aGuidance for industry 606 $aBlood donors$xGovernment policy$zUnited States 606 $aBlood products$xGovernment policy$zUnited States 606 $aSARS (Disease)$zUnited States$xPrevention 615 0$aBlood donors$xGovernment policy 615 0$aBlood products$xGovernment policy 615 0$aSARS (Disease)$xPrevention. 712 02$aCenter for Biologics Evaluation and Research (U.S.) 801 0$bGPO 801 1$bGPO 906 $aBOOK 912 $a9910698833703321 996 $aGuidance for industry$93434577 997 $aUNINA LEADER 01563nam0 2200361 i 450 001 TO00747465 005 20251003044407.0 010 $a8802054932 020 $aIT$b2000-1525 100 $a20130827d1999 ||||0itac50 ba 101 | $aita 102 $ait 181 1$6z01$ai $bxxxe 182 1$6z01$an 200 1 $aˆLa ‰riforma dell'adozione internazionale$ecommento alla L. 31 dicembre 1998, n. 476$fPaolo Morozzo della Rocca 210 $aTorino$cUTET$d[1999! 215 $aXII, 254p.$d25 cm. 225 | $aˆIl ‰diritto attuale$v37 410 0$1001CFI0020782$12001 $aˆIl ‰diritto attuale$v37 606 $aAdozione$xLegislazione$2FIR$3CFIC010914$9I 676 $a346.450178$9FILIAZIONE. ADOZIONE. ITALIA$v19 676 $a346.450178$9DIRITTO DELLE PERSONE E DIRITTO DI FAMIGLIA. ITALIA$v21 676 $a362.734$9PROBLEMI E SERVIZI PER I GIOVANI. ADOZIONE$v21 700 1$aMorozzo della Rocca$b, Paolo$3TO0V155925$4070$0240806 801 3$aIT$bIT-000000$c20130827 850 $aIT-BN0095 $aIT-AV0007 901 $bNAP 01$cD $n$ 901 $bNAP AV$cSEZ. M $nSezione Moderna 912 $aTO00747465 950 0$aBiblioteca Centralizzata di Ateneo$d 01D (AR) 30 569$e 01AR 0700305695 VMA 1 v.$fY $h20131008$i20131008$d 01D (C) 000 121$e 01C 0008001215 VMA 1 v.$fY $h20120910$i20120910 977 $a 01$a AV 996 $aRiforma dell'adozione internazionale$9662484 997 $aUNISANNIO